Výrobný pilier Tisovca pre strojársku firmu z hľadiska exportu produkcie je ruský trh najzaujímavejší

Podrobná bibliografia
Hlavný autor: Stiegel, Jozef (Autor)
Médium: Článok
Jazyk:slovenčina
Fyzický popis:Obr.
Predmet:

MARC

LEADER 00000nab a2200000 a 4500
001 vtls000662723
003 SK-MaSNL
005 20260302182849.0
008 180206c1998 xo 0 slo
015 |a SNBRA1998/07-19321 
035 |a CLN000014911 
040 |a SNKBUCL  |b slo  |c SNKBUCL  |e AACR2 
041 0 |a slo 
044 |a xo  |c SK 
080 |a 621.87:061.5(437.6)  |2 UDC-MRF-SK2 
080 |a 69.057.7  |2 UDC-MRF-SK2 
100 1 |a Stiegel, Jozef  |4 aut  |9 324748 
245 1 0 |a Výrobný pilier Tisovca  |b pre strojársku firmu z hľadiska exportu produkcie je ruský trh najzaujímavejší  |c Jozef Stiegel 
300 |b Obr. 
610 7 |a Supertronix (Tisovec, Slovensko)  |2 snkbucl  |9 895582 
650 0 7 |a stavebné stroje  |2 snkbucl  |9 67895 
655 7 |a články z novín a časopisov  |2 snkbucl  |9 267496 
773 0 |t Slovenský profit  |g Roč. 6, č. 28 (1998), s. 6 
850 |a Slovenská národná knižnica v Martine 
852 |a SNK  |b KIS3GCP 
958 |a RBX 
999 |c 1419634  |d 1421564